| 000 | 00628nam a22001697a 4500 | ||
|---|---|---|---|
| 999 |
_c7918 _d7918 |
||
| 005 | 20240709104839.0 | ||
| 008 | 240709b ||||| |||| 00| 0 eng d | ||
| 020 | _a9788412849103 | ||
| 040 |
_aCDMR _dCDMR |
||
| 100 |
_94956 _aTorrents-Faura, Juan Pablo |
||
| 245 |
_aCommemoració dels 40 anys _b: recopilació dels actes de l'aniversari de l'Associació Catalana de la Premsa Comarcal _c/ Juan Pablo Torrents-Faura |
||
| 260 |
_aBarcelona : _bACPC, _c2024 |
||
| 300 | _a145 pàgines | ||
| 650 | 0 |
_93717 _aPremsa comarcal _zCatalunya _y1982-2022 |
|
| 710 | 1 |
_93633 _aAssociació Catalana de la Premsa Comarcal |
|
| 942 |
_2udc _cMON |
||